000 00548nam a2200157 a 4500
001 10275
005 20180713194333.0
008 140415s1992 000 0 spa d
041 _aspa
082 _a330.1724
_bPRO
245 0 4 _aLOS PROBLEMAS DEL DESARROLLO EN AMERICA LATINA :
_bHOMENAJE A RAUL PREBISCH
260 _a[s.l.] :
_bFONDO DE CULTURA ECONOMICA DE ARGENTINA,
_c1992
300 _a406
490 _aSECCION DE OBRAS DE ECONOMIA
650 1 4 _aAMERICA LATINA
_xCONDICIONES ECONOMICAS
_xAMERICA LATINA
_xDESARROLLO ECONOMICO
999 _c10275
_d10275